Jeruso quiere ser gente / (Registro nro. 12163)

Detalles MARC
000 -LIDER
fixed length control field 01114cam a2200397 i 4500
001 - NÚMERO DE CONTROL
Identificador de número de control 0000834
003 - IDENTIFICACDOR DE NÚMERO DE CONTROL
control field DO-SdBPM
005 - DATE AND TIME OF LATEST TRANSACTION
control field 20250409132113.0
007 - CAMPOS FIJOS DE DESCRIPCIÓN FÍSICA
fixed length control field 0000834
008 - ELEMENTOS DE LONGITUD FIJA
fixed length control field 100514s 1992 sp a | |||| 000 f spa
015 ## - NÚMERO DENTRO DE LA BIBLIOGRAFÍA NACIONAL
National bibliography number
017 ## - NÚMERO DE REGISTRO DE DERECHOS DE AUTOR
Copyright or legal deposit number
Assigning agency
020 ## - ISBN
International Standard Book Number 8434810026
035 ## - NÚMERO LOCAL
System control number
040 ## - FUENTE DE CATALOGACIÓN
Agencia que crea de manera original el registro DO-SdBPM
Idioma de catalogación spa
Agencia que realiza la transcripción BPMSU
Convenciones de la despripción
080 ## - NÚMERO DE CLASIFICACIÓN DECIMAL UNIVERSAL
Universal Decimal Classification number
082 #4 - NÚMERO DE CLASIFICACIÓN DECIMAL DE DEWEY
Classification number 863.6
Item number M425j 1992
Edition number 22
100 1# - ASIENTO PRINCIPAL -- NOMBRE PERSONAL
Nombre personal Mateos, Pilar
Fechas asociadas con el nombre 1942-
245 10 - MENCIÓN DE TITULO
Título Jeruso quiere ser gente /
Mención de responsabilidad Pilar Mateos ; ilustraciones Alfonso Ruano
Medio (Designación general de material)
250 ## - MENCIÓN DE EDICION
Mención de edición 12a. ed.
260 ## - PUBLICACIÓN, DISTRIBUCIÓN, ETC. (PIE DE IMPRENTA)
Lugar de publicación, distribución, etc Madrid :
Nombre del editor, distribuidor, etc. Sm,
Fecha de publicación, distribución, etc 1992.
300 ## - DESCRIPCIÓN FÍSICA
Extensión 108 p.:
Otros detalles físicos il. ;
Dimensiones 19 cm.
490 0# - MENCIÓN DE SERIES
Mención de serie El barco de vapor,
Volume/sequential designation 29/A 10
490 1# - MENCIÓN DE SERIES
Mención de serie Azul
500 ## - NOTA GENERAL
Materiales especificados A partir de los 7 años
521 ## - TARGET AUDIENCE NOTE
Target audience note A partir de 7 años.
586 ## - AWARDS NOTE
Awards note Premio El Barco de Vapor, 1981.
586 ## - AWARDS NOTE
Awards note Premio Lazarillo, 1982.
590 ## - NOTA LOCAL
Texto de la nota local Inventariado, 2025/VM
650 #4 - ENCABEZAMIENTO DE MATERIA--TEMÁTICO
Término temático o nombre geográfico como elemento de entrada Cuentos infantiles españoles
650 #4 - ENCABEZAMIENTO DE MATERIA--TEMÁTICO
Término temático o nombre geográfico como elemento de entrada Literatura infantil española
700 1# - ASIENTO SECUNDARIO -- NOMBRE PERSONAL
Nombre personal Ruano, Alfonso
Mención de responsabilidad ilustración
830 #0 - ASIENTO SECUNDARIO DE SERIE--TÍTULO UNIFORME
Título uniforme Azul
910 ## - VALIDACIÓN
Validación VMateo V. Control de calidad. BPMSU
942 ## - ADDED ENTRY ELEMENTS (KOHA)
Source of classification or shelving scheme Dewey Decimal Classification
Koha item type Libros
Existencias
Withdrawn status Lost status Source of classification or shelving scheme Damaged status Not for loan Collection code Home library Current library Date acquired Source of acquisition Total Checkouts Full call number Barcode Date last seen Price effective from Koha item type Copy number
    Dewey Decimal Classification     Colección Infantil General Biblioteca Pública Metropolitana Salomé Ureña Biblioteca Pública Metropolitana Salomé Ureña 11/29/2016 Agencia de Cooperación Internacional del Japón   BPMSU CGI 863.6 M425j 1992 BPMSU16111648 11/29/2016 11/29/2016 Libros  
    Dewey Decimal Classification     Colección Infantil General Biblioteca Pública Metropolitana Salomé Ureña Biblioteca Pública Metropolitana Salomé Ureña 11/29/2016 Cuesta centro del libro   BPMSU CGI 863.6 M425j 1992 BPMSU16111649 11/29/2016 11/29/2016 Libros e.2